000 00580nam a2200169 u 4500
005 20210223130245.0
008 070904s1983 r 000 0 eng d
035 _aUPN01000151654
049 _aCG
050 4 _aLA486
_bK6.3
100 1 _aKolésnikov, Nikolái
245 1 0 _aCuba :
_beducación popular y preparación de los cuadros nacionales 1959-1982 /
_cNikolái Kolésnikov ; tr. Edgar Timor Sánchez.
260 _aMoscú :
_bProgreso,
_c1983.
300 _a518 p., [22] p. de láms.
650 4 _aESCUELAS PUBLICAS -
_zCUBA -
_xHISTORIA -
_ySIGLO XX
_98428
905 _aLibro
999 _c123790
_d123790